STN EN 473: 2002 (01 5000) [neplatná], Nedeštruktívne skúšanie. Kvalifikácia a certifikácia pracovníkov nedeštruktívne skúšania. Všeobecné príncípy

Bibliographic Details
Format: Book
Language:Chinese
PhysicalDescription:36 strán 30 cm
Published: Bratislava Slovenský ústav technickej normalizácie 2002
Subjects:

MARC

LEADER 00000cam a2200000 a 4500
001 vtls001439559
003 SK-MaSNL
005 20260301103741.0
008 130607s2002 xo f u 00000 chi
035 |a SNK000394713 
040 |a SNK  |b slo  |c SNK  |e AACR2 
044 |a xo  |c SK 
046 |a m  |m 20020901 (účin.)  |n 20081201 (zruš.) 
072 7 |a 621  |x Strojárstvo  |2 konspekt 
080 |a 621.791  |2 2011 
130 0 |a STN 01 5000 (STN EN 473) [neplatná]  |9 441432 
245 1 0 |a STN EN 473: 2002 (01 5000) [neplatná], Nedeštruktívne skúšanie. Kvalifikácia a certifikácia pracovníkov nedeštruktívne skúšania. Všeobecné príncípy 
246 1 0 |a Nedeštruktívne skúšanie 
246 1 0 |a Kvalifikácia a certifikácia pracovníkov nedeštruktívne skúšania 
260 |a Bratislava  |b Slovenský ústav technickej normalizácie  |c 2002 
300 |a 36 strán  |c 30 cm 
650 0 7 |a zváranie  |2 SNKPH  |9 1839 
650 0 7 |a Welding  |2 SNKPHeng  |9 267090 
655 7 |a normy  |2 SNKPH  |9 70643 
774 1 8 |t STN EN 473/A1: 2006  |d Bratislava : Slovenský ústav technickej normalizácie, 2006  |w vtls009835889 
852 |a Štátna vedecká knižnica v Banskej Bystrici 
958 |a OP 
999 |c 696152  |d 698082 
952 |t P60, <03>, [BOOK], {603}  |a SNK  |b SNK  |y PREZ  |7 0  |p 17A0353056  |o snkSTN EN 473  |i snkN 1735/2002  |0 0  |1 0  |4 0  |d 2002-08-20  |l 0  |r 2005-01-02 00:00:00  |w 2026-02-23 
952 |t P66, <07>, [BOOK], {604}  |a SNK  |b SNK  |y PREZ  |7 0  |p 17A0353057  |o snkSTN EN 473 D1  |i snkN 1736/2002  |0 0  |1 0  |4 0  |d 2002-08-20  |l 0  |r 2005-01-02 00:00:00  |w 2026-02-23